History Quiz

Random History or Blitz Quiz
Score 0/30 Timer 01:00
31 Plays Today
% Correct
Roosevelt
83.1%
Roosevelt
78%
Obama
77.4%
Lincoln
76.8%
Reagan
76.7%
Washington
75.8%
Eisenhower
75.6%
Grant
75.2%
Jackson
73.7%
Hoover
73.3%
Ford
73.2%
Nixon
72.2%
Cleveland
71.9%
Johnson
71.2%
Madison
69.7%
% Correct
Jefferson
69.7%
Truman
68.8%
Hayes
68.1%
Taylor
66.6%
Van Buren
65.3%
Bush
64.2%
Buchanan
62.4%
Johnson
61.7%
Harding
61.1%
Arthur
60.3%
Monroe
57.1%
Polk
53.3%
Garfield
51%
Harrison
49.9%
Pierce
44.3%
Remove Ads.
Support Sporcle.
Get the best of Sporcle when you Go Orange. This ad-free experience offers more features, more stats, and more fun while also helping to support Sporcle. Thank you for becoming a member.

You're not logged in!

Compare scores with friends on all Sporcle quizzes.
OR
Log In

Show Comments

Extras

Top Quizzes Today


Score Distribution

Your Account Isn't Verified!

In order to create a playlist on Sporcle, you need to verify the email address you used during registration. Go to your Sporcle Settings to finish the process.

Report this User

Report this user for behavior that violates our Community Guidelines.

Details: